Psychológia základy ekonomickej psychológie
Salvato in:
| Autore principale: | |
|---|---|
| Natura: | Libro |
| Lingua: | slovacco |
| Pubblicazione: |
Bratislava
Vydavateľstvo EKONÓM
2002
|
| Edizione: | 2. vyd. |
| Soggetti: | |
| Tags: |
Nessun Tag, puoi essere il primo ad aggiungerne!!
|
MARC
| LEADER | 00000nam$a2200000$$$4500 | ||
|---|---|---|---|
| 001 | 0033900 | ||
| 005 | 20240226122839.7 | ||
| 020 | |a 80-225-1623-6 | ||
| 041 | 0 | |a slo | |
| 044 | |a SK | ||
| 245 | 1 | 0 | |a Psychológia |b základy ekonomickej psychológie |c Miroslava Szarková |
| 250 | |a 2. vyd. | ||
| 264 | 1 | |a Bratislava |b Vydavateľstvo EKONÓM |c 2002 | |
| 300 | |a 164 s. | ||
| 610 | 2 | 0 | |a psychológia |
| 610 | 2 | 0 | |a psychológia ekonomická |
| 610 | 2 | 0 | |a metódy |
| 610 | 2 | 0 | |a osobnosť |
| 610 | 2 | 0 | |a psychológia práce |
| 610 | 2 | 0 | |a výkonnosť |
| 610 | 2 | 0 | |a motivácia |
| 610 | 2 | 0 | |a proces pracovný |
| 610 | 2 | 0 | |a psychológia sociálna |
| 610 | 2 | 0 | |a marketing |
| 610 | 2 | 0 | |a obchod |
| 100 | 1 | |a Szarková, Miroslava, 1951- | |